000 00291nam a22001337a 4500
008 171027b xxu||||| |||| 00| 0 eng d
020 _a9780618214174
041 _aeng
080 _27TH
_a336
100 _a56
101 _aFIN
245 _aPERSONAL FINANCE
_cGARMAN,E.T
942 _2udc
_cBK
999 _c36150
_d36150